00650nam a2200241 a 4500001001300000003000900013005001700022008004100039020001100080082001300091100002300104245003900127260002800166300000900194500003500203505001000238650001300248700002300261902000800284942000700292952009400299999001500393nice12345678IN_TiNIC20260116011434.0050524s1961 lona grp 000 0 eng  ac234500a266bAND aAnderson, H Gerald aTheology of the Christian Mission. aLondonbSCM Pressc1961 a241p aincludes index and biblioraphy2 aIndex aMissions1 aAnderson, H Gerald bSRS cBK 00104070aHMIbHMId2005-05-24g2345.00l0o266 ANDp02859r2005-05-24w2026-01-16yEB c1539d1539